000 00589nam a22001817a 4500
008 130115t nyu||||| |||| 00| 0 eng d
020 _a0195168453
050 0 4 _aHV9069
_bS56 2005
100 1 _aShoemaker, Donald J.
245 1 0 _aTheories of delinquency
_b : an eXamination of explanations of delinquent behavior
_c / Donald J. Shoemaker
250 _a5a ed.
260 _aNew York :
_bOxford University Press,
_c2005
300 _ax, 310 p. ;
_c21 cm.
504 _aBibliografía : p. 292-297
504 _aIncluye índices
650 7 _2LEMB
_aDelincuencia juvenil
942 _2lcc
_cLIB
999 _c36209
_d36209